| 000 | 00587nam a2200181 i 4500 | ||
|---|---|---|---|
| 001 | 90122 | ||
| 003 | ES-MaACL | ||
| 005 | 20230906180345.0 | ||
| 007 | t| | ||
| 008 | 050118s1965 sp ||||1| spa d | ||
| 100 | 1 |
_aLefebvre, Xavier. _971230 |
|
| 245 | 1 | 3 |
_aLa llamada del Señor / _cXavier Lefebvre, Luis Perin ; [versión castellana de Isidro Larrauri]. |
| 260 |
_a[Bilbao] : _bDesclée de Brouwer : _b[La Editorial Vizcaina], _c1965. |
||
| 300 |
_a470 p. ; _c19 cm. |
||
| 700 | 1 |
_aPerin, Luis. _991271 |
|
| 700 | 1 |
_aLarrauri, Isidro. _970321 |
|
| 852 |
_aES-MaACL _jC-27704 _bR.56712 |
||
| 999 |
_c90122 _d90122 |
||